The Lion King-characters Quiz Stats

 Plays Quiz not verified by Sporcle

Support Sporcle.
Go Orange.
Score 0/19 Timer 03:00
0 Plays Today
animal type name % Correct
lionessnala
98.5%
lionsimba
96.4%
meerkattimon
95.6%
warthogpumba
92.7%
lionmufasa
92%
birdzazu
92%
lionscar
90.5%
hyenaed
89.1%
monkeyrafiki
86.1%
lionsarabi
85.4%
animal type name % Correct
hyenashenzi
83.9%
hyenabanzai
83.2%
lionesssarafina
70.1%
lionkovu
65.7%
lionesskiara
65%
lionesszira
60.6%
lionnuka
59.9%
lionessvitani
58.4%
meerkatUncle Max
52.6%

You're not logged in!

Compare scores with friends on all Sporcle quizzes.
OR
Log In

From the Vault

Spring Teddy Bears

by PrincessMartell

Teddy bears are lucky - they don't have to worry about allergies in the spring.
Remove Ads.
Support Sporcle.
Get the best of Sporcle when you Go Orange. This ad-free experience offers more features, more stats, and more fun while also helping to support Sporcle. Thank you for becoming a member.

Show Comments

Extras

Created Feb 21, 2012SourceReportNominate
Tags:King, lion, The Lion King

Top Quizzes Today


Score Distribution

Your Account Isn't Verified!

In order to create a playlist on Sporcle, you need to verify the email address you used during registration. Go to your Sporcle Settings to finish the process.

Report this User

Report this user for behavior that violates our Community Guidelines.

Details: